| 000 | 00879cam a22002411i 4500 | ||
|---|---|---|---|
| 003 | SA-RiAUC | ||
| 005 | 20251020065209.0 | ||
| 008 | 251004s1986 ua g 000 0 ara c | ||
| 040 |
_aQA-DoQUL _bara _cSA-RiAUC _erda |
||
| 082 | 0 | 4 |
_a411 _qSA-RiAUC |
| 090 |
_a411 _bهـ ا ر |
||
| 100 | 1 |
_aهارون، عبد السلام محمد، _d1909-1988 _eمؤلف. |
|
| 245 | 1 | 0 |
_aقواعد الإملاء / _cعبد السلام محمد هارون. |
| 250 | _aالطبعة الخامسة. | ||
| 264 | 1 |
_aالقاهرة : _bمكتبة الخانجي، _c1986 |
|
| 300 |
_a72 صفحة ؛ _c20 سم |
||
| 336 |
_aنص _btxt _2rdacontent _3كتاب |
||
| 337 |
_aبدون وسيط _bn _2rdamedia |
||
| 338 |
_aمجلد _bnc _2rdacarrier |
||
| 650 | 7 |
_aاللغة العربية _xإملاء وتهجئة _2aucsh |
|
| 942 |
_2ddc _cBOOK _n0 |
||
| 949 |
_aSA-JeALM _d251004 _umohamedma123 _n1 |
||
| 999 |
_c12629 _d12629 |
||